Harbor - Clairo (Lyrics) - Statistics

General Stats
  • This quiz has been taken 4 times
  • The average score is 179 of 235
Answer Stats
Answer % Correct
a
100%
and
100%
be
100%
cared
100%
finished
100%
gates
100%
had
100%
i
100%
"i
100%
if
100%
i'll
100%
i'm
100%
let
100%
love
100%
morning
100%
my
100%
myself
100%
near
100%
now
100%
oh
100%
okay
100%
open
100%
really
100%
ribbon
100%
sleep
100%
stand
100%
stay
100%
that
100%
the
100%
there
100%
think
100%
thought
100%
tie
100%
to
100%
upstairs
100%
we
100%
when
100%
win
100%
you
100%
"you
100%
affirmations
67%
all
67%
around
67%
away
67%
back
67%
break
67%
can
67%
carry
67%
'cause
67%
close
67%
come
67%
constant
67%
could
67%
don't
67%
down
67%
else
67%
enough
67%
everyone
67%
fair
67%
fairly
67%
faith
67%
fall
67%
fear
67%
feel
67%
for
67%
from
67%
guard
67%
harbor
67%
hold
67%
hope
67%
i'd
67%
in
67%
it's
67%
i've
67%
keep
67%
kept
67%
know
67%
long
67%
maybe
67%
me
67%
old
67%
on
67%
out
67%
say
67%
scrounge
67%
so
67%
sober
67%
this
67%
understanding
67%
until
67%
us
67%
use
67%
way
67%
way"
67%
what
67%
while
67%
am
33%
better
33%
can't
33%
clinging
33%
closed
33%
commit
33%
defend
33%
everything
33%
eyes
33%
feet
33%
have
33%
intimate
33%
just
33%
keeping
33%
of
33%
only
33%
pill
33%
pretend
33%
reminded
33%
swallow
33%
than
33%
try
33%
why
33%
wish
33%
with
33%
years
33%
you'll
33%
your
33%
you're
33%
deal
0%
half-awake
0%
knows
0%
loathe
0%
one
0%
true
0%
No matching quizzes found
Score Distribution
Percent of People with Each Score
Percentile by Number Answered
Your Score History
You have not taken this quiz